[Event "Barcelona Sant Marti op-B 16th"]
[Site "Barcelona"]
[Date "2014.07.18"]
[Round "6"]
[White "Julian Solera, Laura"]
[Black "Tasmin, Sultana"]
[Result "1-0"]
[WhiteElo "1781"]
[BlackElo "1320"]
[PlyCount "101"]
[EventDate "2014.07.13"]
[EventType "swiss"]
[EventRounds "9"]
[EventCountry "ESP"]
[SourceTitle "CBM 161 Extra"]
[Source "ChessBase"]
[SourceDate "2014.08.29"]
[SourceVersion "1"]
[SourceVersionDate "2014.08.29"]
[SourceQuality "1"]

1. d4 d6 2. Nf3 Nf6 3. e3 g6 4. Bd3 Bg7 5. b3 0-0 6. Bb2 a6 7. Nbd2 Nbd7 8. 0-0 Re8 9. Re1 e5 10. e4 b5 11. h3 Bb7 12. a4 bxa4 13. Rxa4 c5 14. d5 Qb6 15. Nc4 Qc7 16. Qd2 Nh5 17. Qa5 Qb8 18. Bc1 Nf4 19. Bxf4 exf4 20. Ra2 Ne5 21. Nfxe5 Bxe5 22. Nxe5 Rxe5 23. Qd2 g5 24. h4 Qd8 25. Qe2 a5 26. Qf3 Ba6 27. Bxa6 Rxa6 28. hxg5 Qxg5 29. Qh3 Qg6 30. Qc8+ Kg7 31. Qxa6 Rxe4 32. Rxe4 f3 33. g3 Qxe4 34. Qd3 Qe1+ 35. Qf1 Qd2 36. Qa1+ Kg6 37. c3 Qxd5 38. Qb1+ Kg7 39. Rxa5 Qh5 40. Ra6 Qh3 41. Qf1 Qe6 42. b4 cxb4 43. cxb4 Qe7 44. b5 Kf6 45. Qa1+ Kg5 46. b6 Qd7 47. Ra7 Qh3 48. Qf1 Qc8 49. b7 Qb8 50. Qa6 Qe8 51. Qa1 1-0

[Event "Barcelona Sant Marti op-B 16th"]
[Site "Barcelona"]
[Date "2014.07.16"]
[Round "4"]
[White "Julian Solera, Laura"]
[Black "Martimpe Burgues, Xavier"]
[Result "1-0"]
[WhiteElo "1781"]
[BlackElo "1700"]
[PlyCount "107"]
[EventDate "2014.07.13"]
[EventType "swiss"]
[EventRounds "9"]
[EventCountry "ESP"]
[SourceTitle "CBM 161 Extra"]
[Source "ChessBase"]
[SourceDate "2014.08.29"]
[SourceVersion "1"]
[SourceVersionDate "2014.08.29"]
[SourceQuality "1"]

1. d4 d5 2. e3 Nc6 3. Bd3 e5 4. dxe5 Nxe5 5. Nf3 Bd6 6. Nc3 Nf6 7. 0-0 Bg4 8. Be2 c6 9. Nxe5 Bxe2 10. Nxe2 Bxe5 11. Ng3 0-0 12. Qf3 Qb6 13. Rb1 c5 14. b3 c4 15. Bb2 Bxb2 16. Rxb2 c3 17. Rbb1 Rab8 18. Rbd1 Rfd8 19. Nf5 Rd7 20. Nd4 Ne4 21. Qf5 Qd6 22. Nb5 g6 23. Qxe4 Qc5 24. Qa4 a6 25. Nxc3 Rbd8 26. Qd4 Qd6 27. e4 dxe4 28. Qxd6 Rxd6 29. Rxd6 Rxd6 30. Nxe4 Re6 31. f3 f5 32. Nc5 Re7 33. Kf2 Rc7 34. b4 b6 35. Nxa6 Rxc2+ 36. Kg3 Rxa2 37. Nb8 Rb2 38. Nc6 b5 39. Rd1 Kg7 40. Rd5 Rc2 41. Na5 Rc3 42. Rxb5 g5 43. Rxf5 Kg6 44. Rc5 Rd3 45. b5 h5 46. h4 gxh4+ 47. Kxh4 Rd4+ 48. Kh3 h4 49. Nc6 Kf6 50. b6 Rd7 51. Rb5 Rb7 52. Na5 Rb8 53. b7 Ke6 54. Nc6 1-0

[Event "Barcelona Sant Marti op-B 16th"]
[Site "Barcelona"]
[Date "2014.07.13"]
[Round "1"]
[White "Palacios Pena, Gerardo"]
[Black "Julian Solera, Laura"]
[Result "1-0"]
[WhiteElo "1993"]
[BlackElo "1781"]
[PlyCount "61"]
[EventDate "2014.07.13"]
[EventType "swiss"]
[EventRounds "9"]
[EventCountry "ESP"]
[SourceTitle "CBM 161 Extra"]
[Source "ChessBase"]
[SourceDate "2014.08.29"]
[SourceVersion "1"]
[SourceVersionDate "2014.08.29"]
[SourceQuality "1"]

1. d4 d5 2. c4 e6 3. Nc3 c5 4. cxd5 exd5 5. Nf3 Nc6 6. dxc5 d4 7. Nb1 Bxc5 8. g3 Nf6 9. Bg2 h6 10. 0-0 0-0 11. a3 Bf5 12. b4 Bb6 13. Bb2 d3 14. e3 Rc8 15. Nbd2 Qe7 16. Rc1 Nb8 17. Nd4 Bh7 18. Qb3 Nbd7 19. Bxb7 Rb8 20. Bg2 Rfc8 21. Nc6 Qe8 22. Nxb8 Rxb8 23. Rfd1 Qe7 24. Qc4 Qd8 25. Bf1 Nf8 26. Bxf6 gxf6 27. Nf3 Ne6 28. Bxd3 Ng5 29. Bxh7+ Kxh7 30. Nxg5+ hxg5 31. Rxd8 1-0

[Event "Foment Martinenc op-C 16th"]
[Site "Barcelona"]
[Date "2014.06.21"]
[Round "9"]
[White "Cruz Jimenez, Miguel"]
[Black "Julian Solera, Laura"]
[Result "1-0"]
[WhiteElo "1796"]
[BlackElo "1721"]
[PlyCount "63"]
[EventDate "2014.04.26"]
[EventType "swiss"]
[EventRounds "9"]
[EventCountry "ESP"]
[SourceTitle "EXT 2015"]
[Source "ChessBase"]
[SourceDate "2014.11.20"]
[SourceVersion "1"]
[SourceVersionDate "2014.11.20"]
[SourceQuality "1"]

1. e4 e6 2. d4 d5 3. exd5 exd5 4. Nf3 Nc6 5. Bd3 Bg4 6. Be3 Nf6 7. 0-0 Bd6 8. Re1 0-0 9. Bg5 Nxd4 10. Bxh7+ Kxh7 11. Qxd4 Be6 12. Bxf6 Qxf6 13. Qxf6 gxf6 14. Nc3 Rg8 15. Nb5 Bb4 16. c3 Ba5 17. Nbd4 Bh3 18. g3 Rg7 19. Nh4 Rag8 20. Nhf5 Rg5 21. Ne7 R8g7 22. f4 Rh5 23. Kf2 Bg4 24. h4 Kh6 25. Nc8 Bb6 26. Nxb6 axb6 27. Re7 c5 28. Nb5 Rg8 29. Rxf7 Re8 30. Re1 Ra8 31. a3 Rf5 32. Nd6 1-0

[Event "Foment Martinenc op-B 15th"]
[Site "Barcelona"]
[Date "2013.06.08"]
[Round "8"]
[White "Perez Garcia, Adria"]
[Black "Julian Solera, Laura"]
[Result "1-0"]
[WhiteElo "1588"]
[BlackElo "1734"]
[PlyCount "111"]
[EventDate "2013.04.20"]
[EventType "swiss"]
[EventRounds "9"]
[EventCountry "ESP"]
[SourceTitle "CBM 154 Extra"]
[Source "ChessBase"]
[SourceDate "2013.06.25"]
[SourceVersion "2"]
[SourceVersionDate "2013.06.25"]
[SourceQuality "1"]

1. e4 e5 2. Nc3 Nf6 3. g3 Bc5 4. h3 d6 5. Bg2 Be6 6. Nge2 Qd7 7. d3 d5 8. exd5 Nxd5 9. Ne4 Bb6 10. Ng5 Nc6 11. Nxe6 Qxe6 12. 0-0 0-0-0 13. Kh2 f5 14. Bxd5 Qxd5 15. Nc3 Qe6 16. Be3 Rhg8 17. Bxb6 axb6 18. Re1 g5 19. g4 fxg4 20. hxg4 Rgf8 21. Ne4 Qh6+ 22. Kg2 Nd4 23. Re3 Qc6 24. c3 Ne6 25. f3 Nf4+ 26. Kg3 Qg6 27. a4 Qh6 28. Qh1 Qxh1 29. Rxh1 Rxd3 30. Rxd3 Nxd3 31. b3 Nc5 32. Nxc5 bxc5 33. Rxh7 Rf4 34. Re7 c4 35. b4 Rf6 36. Rxe5 Rg6 37. Re4 Rc6 38. Re5 Rg6 39. Rc5 Kb8 40. Rxc4 Ka7 41. Rxc7 Ra6 42. Rg7 Rxa4 43. Rxg5 Kb6 44. Rg6+ Kb5 45. Rg5+ Kc4 46. Rc5+ Kb3 47. Ra5 Rxa5 48. bxa5 Kxc3 49. g5 Kd4 50. Kg4 Ke5 51. f4+ Ke6 52. f5+ Kf7 53. Kf4 Kg7 54. Ke5 Kf7 55. f6 Kg6 56. Ke6 1-0

[Event "Foment Martinenc op-B 15th"]
[Site "Barcelona"]
[Date "2013.06.01"]
[Round "7"]
[White "Julian Solera, Laura"]
[Black "Izquierdo Pujol, Jon"]
[Result "1-0"]
[WhiteElo "1734"]
[BlackElo "1700"]
[PlyCount "51"]
[EventDate "2013.04.20"]
[EventType "swiss"]
[EventRounds "9"]
[EventCountry "ESP"]
[SourceTitle "CBM 154 Extra"]
[Source "ChessBase"]
[SourceDate "2013.06.25"]
[SourceVersion "2"]
[SourceVersionDate "2013.06.25"]
[SourceQuality "1"]

1. e4 e5 2. Nf3 Nc6 3. Bc4 Nf6 4. Ng5 d5 5. exd5 Nxd5 6. Nxf7 Kxf7 7. Qf3+ Ke8 8. Bxd5 Qf6 9. Qxf6 gxf6 10. 0-0 Bg4 11. Nc3 Nd4 12. Bb3 b5 13. Nd5 Kd8 14. Nxf6 Bf5 15. d3 Be7 16. Nd5 h5 17. Re1 Bd6 18. Bg5+ Kd7 19. Nf6+ Kc8 20. c3 Nxb3 21. axb3 Rg8 22. h4 Rh8 23. Rad1 a5 24. d4 e4 25. Nxe4 Re8 26. Nxd6+ 1-0

[Event "Foment Martinenc op-B 15th"]
[Site "Barcelona"]
[Date "2013.04.20"]
[Round "1"]
[White "Cardo Llagostera, Francesco Javier"]
[Black "Julian Solera, Laura"]
[Result "1-0"]
[WhiteElo "1787"]
[BlackElo "1734"]
[PlyCount "127"]
[EventDate "2013.04.20"]
[EventType "swiss"]
[EventRounds "9"]
[EventCountry "ESP"]
[SourceTitle "CBM 154 Extra"]
[Source "ChessBase"]
[SourceDate "2013.06.25"]
[SourceVersion "2"]
[SourceVersionDate "2013.06.25"]
[SourceQuality "1"]

1. e4 e5 2. Nf3 Nc6 3. Bb5 d6 4. 0-0 Nf6 5. Re1 Bd7 6. c3 a6 7. Ba4 Be7 8. h3 0-0 9. d4 b5 10. Bc2 h6 11. Nbd2 Rc8 12. Nf1 exd4 13. cxd4 Nb4 14. Bb3 c5 15. Bd2 Nd3 16. Re3 Nxb2 17. Qb1 cxd4 18. Nxd4 Nc4 19. Bxc4 Rxc4 20. Qb2 Qb6 21. Nf5 Bxf5 22. exf5 Nd5 23. Rxe7 Nxe7 24. f6 Ng6 25. fxg7 Re8 26. Bxh6 Qd4 27. Qxd4 Rxd4 28. Ng3 Kh7 29. Be3 Rd5 30. Rc1 Kxg7 31. Rc7 Re7 32. Rc8 Rd1+ 33. Kh2 Kh7 34. Ra8 b4 35. Rxa6 Ra1 36. Rxd6 Rxa2 37. Rb6 Rb2 38. h4 Kg7 39. Bd4+ f6 40. Bxb2 Rf7 41. Rxb4 Ne5 42. Bxe5 fxe5 43. Re4 Rxf2 44. Rxe5 Rf7 45. Re6 Kh7 46. Kh3 Rg7 47. Nf5 Rf7 48. Re7 Rxe7 49. Nxe7 Kg7 50. h5 Kh6 51. Kh4 Kh7 52. g4 Kh6 53. Nf5+ Kh7 54. g5 Kh8 55. g6 Kg8 56. Kg5 Kh8 57. Kh6 Kg8 58. g7 Kf7 59. Kh7 Kf6 60. g8Q Kxf5 61. Qe8 Kf6 62. h6 Kg5 63. Qf7 Kg4 64. Kg6 1-0